000 00762nam a2200229Ii 4500
003 JO-AjNU
008 230605s9999||||xx |||||||||||||| ||und||
017 _a2238/5/2018
020 _a978-9957-688-43-1
040 _aJO-AjNU
_bara
_erda
_cJO-AjNU
041 _aara
050 1 4 _aHG4026.S534 2019
100 3 _aمحمد، محمد عبدالله شاهين,
_eauthor
_964045
245 0 0 _aمعايير التمويل للمؤسسات المالية
250 _aط1
264 3 1 _aعمان: دار الابتكار للنشر والتوزيع، 2019
300 _a334ص
336 _atext
_btxt
_2rdacontent
337 _aunmediated
_bn
_2rdamedia
338 _avolume
_bnc
_2rdacarrier
650 4 _aالتمويل-المؤسسات المالية
_964046
999 _aA29081
_c32649
_d32649